Nghiên cứu chế tạo và khảo sát tính chất vật liệu micro và nano SiO2 từ tro vỏ trấu và ứng dụng làm gạch bê tông không nung : Báo cáo tổng kết đề tài nghiên cứu khoa học và công nghệ cấp trường

Nghiên cứu tính chất , chế tạo thành công vật liệu SiO2 kích thước micro và nano của vỏ trấu, chế tạo thử nghiệm gạch bê tông siêu nhẹ bằng phương pháp không nung.

Kaydedildi:
Detaylı Bibliyografya
Yazar: Nguyễn, Trí Tuấn
Materyal Türü: Kitap
Dil:Undetermined
Baskı/Yayın Bilgisi: Cần Thơ Trường Đại học Cần Thơ 2014
Konular:
Etiketler: Etiketle
Etiket eklenmemiş, İlk siz ekleyin!
Thư viện lưu trữ: Trung tâm Học liệu Trường Đại học Cần Thơ
LEADER 01265nam a2200217Ia 4500
001 CTU_198327
008 210402s9999 xx 000 0 und d
082 |a 666.737 
082 |b T502 
088 |a T2013-20 
100 |a Nguyễn, Trí Tuấn 
245 0 |a Nghiên cứu chế tạo và khảo sát tính chất vật liệu micro và nano SiO2 từ tro vỏ trấu và ứng dụng làm gạch bê tông không nung : 
245 0 |b Báo cáo tổng kết đề tài nghiên cứu khoa học và công nghệ cấp trường 
245 0 |c Nguyễn Trí Tuấn (Chủ nhiệm đề tài) ; Phạm Thị Bích Thảo, Lê Văn Nhạn (Cán bộ phối hợp nghiên cứu) 
260 |a Cần Thơ 
260 |b Trường Đại học Cần Thơ 
260 |c 2014 
520 |a Nghiên cứu tính chất , chế tạo thành công vật liệu SiO2 kích thước micro và nano của vỏ trấu, chế tạo thử nghiệm gạch bê tông siêu nhẹ bằng phương pháp không nung. 
650 |a Building Materials,Vật liệu xây dựng 
904 |i Hiền 
980 |a Trung tâm Học liệu Trường Đại học Cần Thơ